Using newspapers in the classroom

Contents: Headlines; articles; photographs; advertisements; horoscopes; problem page letters; TV guides; cartoons and strip cartoons; weather forecasts; the whole newspaper.

Spremljeno u:
Bibliografski detalji
Glavni autor: Sanderson, Paul
Format: Knjiga
Jezik:Undetermined
Izdano: Cambridge, UK Cambridge University Press 1999
Teme:
Oznake: Dodaj oznaku
Bez oznaka, Budi prvi tko označuje ovaj zapis!
Thư viện lưu trữ: Trung tâm Học liệu Trường Đại học Cần Thơ
LEADER 00733nam a2200205Ia 4500
001 CTU_42382
008 210402s9999 xx 000 0 und d
020 |b 86.000đ 
082 |a 371.33 
082 |b S216 
100 |a Sanderson, Paul 
245 0 |a Using newspapers in the classroom 
245 0 |c Paul Sanderson 
260 |a Cambridge, UK 
260 |b Cambridge University Press 
260 |c 1999 
520 |a Contents: Headlines; articles; photographs; advertisements; horoscopes; problem page letters; TV guides; cartoons and strip cartoons; weather forecasts; the whole newspaper. 
650 |a language arts,Newspapers in education 
904 |i Minh, 010720 
980 |a Trung tâm Học liệu Trường Đại học Cần Thơ